Principales escenarios internacionales de proteccin̤ ambiental y del conocimiento tradicional para los pueblos indg̕enas

Detalles Bibliográficos
Autor principal: Garca̕ Martn̕ez, Manuel Još
Formato: Desconocido
Lenguaje:español
Publicado: [Colombia] : Editorial Universidad de Rosario (Colombia), 2009
Materias:
Acceso en línea:Acceso restringido

MARC

LEADER 00000ny a22000003n 4500
005 20110615120336.0
008 100514s2009 ck 000 0 spa d
022 |a 9789587880705  
035 |a 4898 
040 |a BUS  |d vLex 
090 |c 698  |d 698 
100 1 |a Garca̕ Martn̕ez, Manuel Još 
245 1 0 |a Principales escenarios internacionales de proteccin̤ ambiental y del conocimiento tradicional para los pueblos indg̕enas  |h [Recurso electrn̤ico] 
256 |a Servicio en ln̕ea 
260 |a [Colombia] :  |b Editorial Universidad de Rosario (Colombia),  |c 2009 
300 |a p. ;  |c cm 
506 1 |a Contenido solo disponible en los productos indicados  |d vLex Global  |d vLex Global (Academic Edition, excluding Law Schools)  |d vLex Global (U.S. Academic Edition, Law Schools)  |d vLex Global (U.S. Academic Edition, excluding Law Schools)  |d vLex Global (Academic Edition, Law Schools) 
650 0 4 |a Medio ambiente  |x Proteccin̤ 
650 0 4 |a Razas indg̕enas 
740 0 |a vLex Libros (Servicios en ln̕ea) 
856 4 0 |z Acceso restringido  |u http://vlex.com/source/4898 
942 |c BOOK 
999 0 |a Environnement  |b Colombia